000 00514nam a2200121Ia 4500
008 171212s9999 xx 000 0 und d
020 _a9780833043252
100 _aSeong, Somi;Horn, Kenneth;Held, Bruce J.
245 _cSeong, Somi;Horn, Kenneth;Held, Bruce J.
_aEstimating the Cost of Administering the Department of Defense Small Business Innovation Research (SBIR) Program
260 _bRAND Corporation
_c2008
650 _aManagement & Organizational Behavior
856 _uwww.jstor.org/stable/10.7249/op208osd
999 _c352018
_d352018